Регионална библиотека "Любен Каравелов" - Русе

Самостоятелното дете, или как да стана „мързелива майка“ (Запис номер 202349)

MARC детайли
000 -Лидер
Контролно поле с фиксирана дължина 01786nam a2200409 c 4500
003 - Код на организацията, давaща контролен номер
Контролно поле BLK
005 - Дата и час на последна редакция
Контролно поле 20241017124559.0
008 - Елементи от данни с фиксирана дължина
fixed length control field 180411b bul|||||r ||||||| ||bul||
010 ## - Наследен системен номер
LC control number KNG00211813000
020 ## - Международен стандартен номер на книга ISBN
Международен стандартен номер на книга ISBN 9786190200796
040 ## - Източник на каталожния запис
Идентификатор на билиотеката - собственик на записа BLK
041 ## - Код за език
Код за езика на текст/звукозапис или на отделно заглавие Български
Код за езика КДБФ Български
072 #7 - Код за тематичната категория
Код организация bullib
Код за тематична категория Н37
Текст Образование. Педагогика Н
080 ## - УДК
Текстов определител УДК Възпитание у дома. Семейно възпитание
УДК код - определител по УДК 37.018.1
УДК определител (02.062)
УДК - код + определител 37.018.1(02.062)
100 1# - Редна дума - Автор
Автор Бикова, Анна Александровна
Авторска отговорност първи автор
R(LIN) 349774
139 ## - Редно поле
Редна дума Бикова, Анна Александровна
Авторски знак Би - Б 44
245 10 - Сведения за заглавието
Заглавие Самостоятелното дете, или как да стана „мързелива майка“
Редно поле (дума) Анна Александровна Бикова; прев. от рус. Ася Григорова.
257 ## - Страна на издаване
Страна на създаване/издаване Русия
260 ## - Област на издателските данни
Име на издателя, разпространителя и проч. Колибри
Година на издаване 2017
Печатница София : Инвестпрес
Място на издаване, разпространение и проч. София
300 ## - Физическа характеристика
Страници 255 с.
Размери/Мащаб 20 см
380 ## - Жанр
Жанр Обществени науки
500 ## - Общи забележки
Забележка Ориг. загл. Самостоятельный ребенок, или Как стать "ленивой мамой" / Анна Быкова.
650 #4 - Допълнително описание по предмет – тема
Основно описание – тема или топоним Семейно възпитание - популярна литература
9 (RLIN) 323993
650 #4 - Допълнително описание по предмет – тема
Основно описание – тема или топоним Възпитание в семейството
9 (RLIN) 242361
653 ## - Ключова дума – ненормативна
Ключова дума семейно възпитание
659 ## - Тематичен бюлетин
Тематичен бюлетин Н
700 1# - Други автори (авторска отговорност)
Лично име Григорова, Ася Иванова
9 (RLIN) 56189
852 ## - Местоположение
Форматна сигнатура Цб 289957
856 4# - Електронен адрес и достъп
Електронен формат pdf - файл
856 4# - Електронен адрес и достъп
Електронен формат pdf - файл
999 ## - СИСТЕМНИ КОНТРОЛНИ НОМЕРА
Koha biblionumber 202349
Koha biblioitemnumber 202349
942 ## - АРТИКУЛИ
Вид на библиотечния материал Книги
Скрит в OPAC Не
Koha issues (borrowed), all copies 36
Периодичен библиозапис Да
944 ## - СЪЗДАВАНЕ И РЕДАКЦИЯ на ЗАПИСА
Създаване/Редакция Създаване
Дата на регистрацията/редакция 29.08.2017
Статус, дата на статуса Минев Младен
Служител, извършил регистрацията/редакцията 30530
944 ## - СЪЗДАВАНЕ И РЕДАКЦИЯ на ЗАПИСА
Създаване/Редакция Редакция
Дата на регистрацията/редакция 04.10.2017
Статус, дата на статуса ф /
Служител, извършил регистрацията/редакцията Людмила_Стоянова
999 ## - СИСТЕМНИ КОНТРОЛНИ НОМЕРА
Koha biblioitemnumber 202349
999 ## - СИСТЕМНИ КОНТРОЛНИ НОМЕРА
Koha biblioitemnumber 202349
999 ## - СИСТЕМНИ КОНТРОЛНИ НОМЕРА
Koha biblioitemnumber 202349
Наличности
Код за отписване Код за изгубен артикул Източник на класификационната схема Код за повреда Коз за рестрикции Код за отдаване Артикулен № Име на библиотеката - собственик Име на библиотеката, в която се намира в момента Статус (Текущо местоположение) Дата на вписване в системата Местоположение - отдел Цена в лева Инвентарен номер Систематично азбучна сигнатура Баркод Номер на екземпляра Цена в евро Служебна бележка Служебен тип на артикула
  Не е изгубен Universal Decimal Classification Не е повреден без рестрикции заемане за дома 349982 Регионална библиотека "Любен Каравелов" Русе Регионална библиотека "Любен Каравелов" Русе Заемна - подръчен фонд 2017-08-29 Заемна - подръчен фонд 11.70 120000814524 П 37.018/Б 44 120000814524 1 5.98 Дост: Pk Вид: Ф N: 867 Дата: 19.08.2017 Дата инв: 15.02.2018 Бележки инв: П2018 Книги
  Не е изгубен Universal Decimal Classification Не е повреден без рестрикции ползва се в читалня 679457 Регионална библиотека "Любен Каравелов" Русе Регионална библиотека "Любен Каравелов" Русе Хранилище 2018-08-25 Хранилище 15.00 120000822542 Цб 289957 120000822542   7.67   Книги
  Не е изгубен Universal Decimal Classification Не е повреден без рестрикции заемане за дома 799217 Регионална библиотека "Любен Каравелов" Русе Регионална библиотека "Любен Каравелов" Русе Заемна - подръчен фонд 2020-09-16 Заемна - подръчен фонд 9.75   37.018/Б 44 А 120000846743   4.99   Книги
  Не е изгубен Universal Decimal Classification Не е повреден без рестрикции заемане за дома 799218 Регионална библиотека "Любен Каравелов" Русе Регионална библиотека "Любен Каравелов" Русе Заемна - подръчен фонд 2020-09-16 Заемна - подръчен фонд 9.75   37.018/Б 44 А 120000846744   4.99   Книги
Vip Innovations Ltd, Rousse, Bulgaria 2025